| 000 | 00688nam a2200253Ia 4500 | ||
|---|---|---|---|
| 008 | 160803s9999 xx 000 0 und d | ||
| 020 | _a0 516245430 | ||
| 100 | _aBredeson, Carmen | ||
| 245 | _aLooking at maps and globes / | ||
| 245 | _cby Carmen Bredeson ; consultant, Nanci R. Vargus. | ||
| 260 | _aNew York : | ||
| 260 | _bScholastic Inc. | ||
| 260 | _c2001 | ||
| 300 | _a31 pages : | ||
| 300 | _bcolor illustrations, color maps ; | ||
| 300 | _c18 cm. | ||
| 440 | _aRookie read-about geography. | ||
| 500 | _aIncludes index. | ||
| 650 | _aGlobes -- | ||
| 650 | _aMaps -- | ||
| 650 | _xJuvenile literature. | ||
| 650 | _xJuvenile literature. | ||
| 700 | _a410 | ||
| 999 |
_c299481 _d299481 |
||